=LDR 00000nam 2200000 4500 =001 INLIS000000000025785 =005 20130612124253 =008 ***********************************Ind** =035 ##$$0010-061300000025785 =041 ##$$a Ind =082 ##$$a 633.88 =090 ##$$a 633.88, Sul m =100 ##$$a Sulaksana, Jaka =245 ##$$a Meniran, budi daya dan pemanfaatan untuk obat, Jaka Sulaksana, Dadang Iskandar Jayusman =260 ##$$a 2004 $b Jakarta =300 ##$$a iv, 84 hlm, ilus, 23 cm =650 ##$$a Obat Tradisional =700 ##$$a Jayusman, Dadang Iskandar =850 ##$$a NBPNMAT =990 ##$$a 90229/BPAP-NTB/2014 =990 ##$$a 0001/BPAP-NTB/2016 =990 ##$$a 1269312693 =990 ##$$a 90229/BPAP-NTB/2014 =990 ##$$a 0001/BPAP-NTB/2016 =990 ##$$a 01201712693